Fourth Grade Multiplication Quiz - Statistics

General Stats
  • This quiz has been taken 138 times
  • The average score is 13 of 15
Answer Stats
problem Answer % Correct
5x5 25
100%
10x10 100
99%
15x2 30
93%
11x4 44
93%
12x9 108
92%
9x12 108
92%
8x4 32
92%
9x8 72
90%
10x15 150
89%
11x15 165
85%
7x15 105
83%
12x15 180
83%
12x15 180
83%
9x15 135
81%
8x15 120
80%
No matching quizzes found
Score Distribution
Percent of People with Each Score
Percentile by Number Answered
Your Score History
You have not taken this quiz